00338nam a2200109Ia 4500008004100000082001100041082000800052245008700060245003600147260003600183300000900219231017s9999 xx 000 0 und d a363.12 bLON 3aAn analysis of the significant decline in motor vehicle traffic facilities in 2008 0cUS Department of Transportation bUS Department of Transportation c30cm